Detalles MARC
| 000 -CABECERA |
| Longitud fija campo de control |
01574nam a2200337Ia 4500 |
| 005 - • FECHA Y HORA DE LA ÚLTIMA TRANSACCIÓN |
| Fecha y hora de la última transacción |
20220317000804.0 |
| 008 - • CÓDIGOS DE INFORMACIÓN DE LONGITUD FIJA |
| Códigos de información de longitud fija |
160601s2005 ck g 000 0 spa |
| 020 ## - • NÚMERO INTERNACIONAL NORMALIZADO PARA LIBROS |
| Número Internacional Normalizado para Libros (ISBN) |
9581803025 |
| 082 04 - • NÚMERO DE LA CLASIFICACIÓN DECIMAL DEWEY |
| Número de clasificación (R) |
808.851 |
| Número del ítem |
C64d |
| 040 ## - FUENTE DE LA CATALOGACIÓN |
| Centro catalogador de origen |
CO-BoRNBP |
| Lengua de catalogación |
spa |
| Normas de descripción |
rda |
| Centro transcriptor |
CO-BoRNBP |
| 110 1# - • PUNTO DE ACCESO PRINCIPAL-NOMBRE DE ENTIDAD CORPORATIVA |
| Nombre de entidad corporativa o nombre de jurisdicción como elemento inicial |
Colombia. Presidente (2002- : Uribe Vélez) |
| 245 13 - • TITULO PROPIAMENTE DICHO |
| Título |
Del escritorio del presidente |
| Resto del título |
[selección de escritos, agosto 2002-diciembre 2003] |
| Mención de responsabilidad, etc. |
Álvaro Uribe Vélez ; compiladoras Paola Holguín Moreno, Carolina Escamilla, Adi Ochoa Torres |
| 250 ## - • MENCIÓN DE EDICIÓN |
| Mención de edición |
1a. edición |
| 264 ## - PRODUCCIÓN, PUBLICACIÓN , DISTRIBUCIÓN, FABRICACIÓN Y COPYRIGHT |
| Lugar de producción, publicación, distribución, fabricación |
Bogotá |
| Nombre del productor, editor, distribuidor, fabricante |
Presidencia de la República |
| Fecha de de producción, publicación, distribución, fabricación o copyright |
2005 |
| 300 ## - • DESCRIPCIÓN FÍSICA |
| Extensión |
615 páginas |
| Dimensiones |
24 cm |
| 336 ## - TIPO DE CONTENIDO |
| Término de tipo de contenido |
texto |
| Código de tipo de contenido |
txt |
| Fuente |
rdacontent |
| 337 ## - TIPO DE MEDIO |
| Nombre del tipo de medio |
sin mediación |
| Código del tipo de medio |
n |
| Fuente |
rdamedia |
| 338 ## - TIPO DE SOPORTE |
| Nombre del tipo de soporte |
volumen |
| Código del tipo de soporte |
nc |
| Fuente |
rdacarrier |
| 500 ## - • NOTA GENERAL |
| Nota general |
Incluye índice |
| 500 ## - • NOTA GENERAL |
| Nota general |
Subtítulo en la carátula: Selección de escritos Agosto 2002-Diciembre 2003 |
| 600 14 - • PUNTO DE ACCESO ADICIONAL DE MATERIA - NOMBRE DE PERSONA |
| Nombre de persona |
Uribe Vélez, Álvaro |
| Subdivisió,n cronológica (R ) |
1952- |
| Subdivisión de materia general (R ) |
Proclamas y discursos |
| 600 14 - • PUNTO DE ACCESO ADICIONAL DE MATERIA - NOMBRE DE PERSONA |
| Nombre de persona |
Uribe Vélez, Álvaro, |
| Fechas asociadas al nombre |
1952- |
| Subdivisión de materia general (R ) |
Escritos políticos |
| 650 14 - • PUNTO DE ACCESO ADICIONAL DE MATERIA - TÉRMINO DE MATERIA |
| Fuente del encabezamiento o término |
LEMB |
| Término de materia o nombre geográfico como elemento inicial |
Seguridad democrática |
| Subdivisión de forma |
Ensayos, conferencias, etc. |
| Subdivisión geográfica |
Colombia |
| 651 #4 - • PUNTO DE ACCESO ADICIONAL DE MATERIA - NOMBRE GEOGRÁFICO |
| Nombre geográfico |
Colombia |
| Subdivisión de forma |
Ensayos, conferencias, etc. |
| Subdivisión de materia general |
Condiciones económicas |
| 651 #4 - • PUNTO DE ACCESO ADICIONAL DE MATERIA - NOMBRE GEOGRÁFICO |
| Nombre geográfico |
Colombia |
| Subdivisión de forma |
Ensayos, conferencias, etc. |
| Subdivisión de materia general |
Política social |
| 651 #4 - • PUNTO DE ACCESO ADICIONAL DE MATERIA - NOMBRE GEOGRÁFICO |
| Nombre geográfico |
Colombia |
| Subdivisión de forma |
Ensayos, conferencias, etc. |
| Subdivisión de materia general |
Relaciones exteriores |
| 700 1# - • PUNTO DE ACCESO ADICIONAL - NOMBRE DE PERSONA |
| Nombre de persona |
Holguín Moreno, Paola, |
| Fechas asociadas al nombre |
1973- |
| Término indicativo de función |
compilador |
| 700 1# - • PUNTO DE ACCESO ADICIONAL - NOMBRE DE PERSONA |
| Nombre de persona |
Escamilla Pacheco, Carolina, |
| Fechas asociadas al nombre |
1980- |
| Término indicativo de función |
compilador |
| 700 1# - • PUNTO DE ACCESO ADICIONAL - NOMBRE DE PERSONA |
| Nombre de persona |
Ochoa Torres, Adi |
| Término indicativo de función |
compilador |
| 942 ## - ENTRADA DE ELEMENTOS AGREGADOS (KOHA) |
| Fuente de clasificaión o esquema |
Dewey Decimal Classification |
| Koha [por defecto] tipo de item |
LIbro |